Taller de integración /

Actividades recreativas y didácticas de los Talleres de integración de los 7º años.

Guardado en:
Autor Corporativo: Departamento de recursos didácticos de las EMUNS.
Formato: Deslizar
Publicado: Bahía Blanca, 2007.
Materias:
Etiquetas: Agregar Etiqueta
Sin Etiquetas, Sea el primero en etiquetar este registro!
LEADER 00809ngm a22002175g 4500
001 CEM.cems023286
008 130507s2007####ag############0###0#####d
005 20250227184013.0
245 0 0 |a Taller de integración /  |c Departamento de recursos didácticos de las EMUNS. 
260 |a Bahía Blanca,  |c 2007. 
300 |a 12'. 
520 |a Actividades recreativas y didácticas de los Talleres de integración de los 7º años. 
538 |a Soporte: DVD - Color: Si - Grabación DRD 
500 |a Consultar en ventanilla. 
110 2 |a Departamento de recursos didácticos de las EMUNS. 
082 3 7 |/ TAL-1 
653 |a TALLER DE INTEGRACION 
653 |a 7º AÑO 
653 |a ESCUELA DE EDUCACION GENERAL BASICA 
653 |a EEGB1 
859 |a CEMS  |b BIB. CEMS - Depto. Recursos Didacticos  |h 372  |i TAL-1  |k DRD  |p 1929.14  |t Ej.1